डी.बी.एम.एस.तथा अन्य कंप्यूटर प्रोग्राम / (Record no. 52265)

MARC details
000 -LEADER
fixed length control field 01369nam a22002777a 4500
005 - DATE AND TIME OF LATEST TRANSACTION
control field 20110426154449.0
008 - FIXED-LENGTH DATA ELEMENTS--GENERAL INFORMATION
fixed length control field 090408t xxu||||| |||| 00| 0 hin d
010 ## - LCCN (DPL NO)
LC control number HIN-92652
020 ## - INTERNATIONAL STANDARD BOOK NUMBER
International Standard Book Number 8175680350
Terms of availability 200.00
035 ## - SYSTEM CONTROL NUMBER
System control number HN-64998
037 ## - SOURCE OF ACQUISITION
Source of stock number/acquisition DBAD / PUB
040 ## - CATALOGING SOURCE
Original cataloging agency DPL
Language of cataloging HN
082 ## - DEWEY DECIMAL CLASSIFICATION NUMBER
Classification number 005
100 ## - MAIN ENTRY--PERSONAL NAME
Personal name शर्मा, पी. के.
9 (RLIN) 27482
245 ## - TITLE STATEMENT
Title डी.बी.एम.एस.तथा अन्य कंप्यूटर प्रोग्राम /
Statement of responsibility, etc पी. के.शर्मा
246 ## - VARYING FORM OF TITLE
Title proper/short title D.B.M.S.tatha AnayComputer programe
Remainder of title P.K.Sharma
260 ## - PUBLICATION, DISTRIBUTION, ETC. (IMPRINT)
Place of publication, distribution, etc दिल्ली
Name of publisher, distributor, etc डायनामिक पब्लिकेशंस
Date of publication, distribution, etc 2010
270 ## - ADDRESS
Address 10/119, भीष्म मार्ग पटेल गली,विश्वास नगर, शाहदरा
City दिल्ली
Postal code 110032
300 ## - PHYSICAL DESCRIPTION
Extent 104पृ
Dimensions 22 सेमी (सजिल्द)
650 ## - SUBJECT ADDED ENTRY--TOPICAL TERM
9 (RLIN) 1169
650 ## - SUBJECT ADDED ENTRY--TOPICAL TERM
9 (RLIN) 1170
700 ## - ADDED ENTRY--PERSONAL NAME
9 (RLIN) 27483
942 ## - ADDED ENTRY ELEMENTS (KOHA)
Institution code [OBSOLETE] dpl
Item type Hindi Books
Source of classification or shelving scheme Dewey Decimal Classification
Classification part 005
Call number suffix शर्मापी
Holdings
Withdrawn status Lost status Source of classification or shelving scheme Damaged status Not for loan Collection code Home library Current library Date acquired Source of acquisition Cost, normal purchase price Total Checkouts Full call number Barcode Date last seen Copy number Cost, replacement price Koha item type
    Dewey Decimal Classification   Not For Loan Non-fiction Central Library D.B.Act.Division 10/05/2011 DBAD / PUB 200.00   005 शर्मापी HN-64998 10/05/2011 1 200.00 Hindi Books

© Delhi Public Library
Hit Counter
free hit counter